La solidaridad institucional en bahía blanca [monografía] /

Guardado en:
Autor Principal: Zuain, Josefina
Formato: Libro
Publicado: Bahía Blanca : Escuela Normal Superior, 2002
Etiquetas: Agregar Etiqueta
Sin Etiquetas, Sea el primero en etiquetar este registro!
LEADER 00446nam a22001455a 4500
001 CEM.cems011032
005 20060214000000.0
008 130507s2002##################000#0#####d
003 CEMS
082 0 4 |a F982.1 
100 1 |a Zuain, Josefina 
245 1 0 |a La solidaridad institucional en bahía blanca [monografía] / 
260 |a Bahía Blanca :  |b Escuela Normal Superior,  |c 2002 
300 |a 42 p.1 
859 |a CEMS  |b BIB. CEMS - 11 de abril  |h F982.1  |i 8-1  |p 1868.44  |t Ej.1